000 00840nam a2200229 a 4500
001 46946
003 BD-RjUL
005 20211209054232.0
008 160806s2000 bg ||||| |||| 00| 0 ben d
020 _a9847290067
035 _a(BD-RjUL)
040 _aBD-RjUL
_bben
_cBD-RjUL
041 _aben
082 _a323.5
_223
_bISJ 2000
100 _aইসলাম, শহিদুল
_9119329
245 _aজাতীয়তাবাদ : সাম্প্রদায়িক ভেদবুদ্ধি /
_cশহিদুল ইসলাম
260 _aঢাকা :
_bশিক্ষাবার্তা প্রকাশনা,
_c২০০০
300 _a১৪৯ পৃ. ;
_c২০ সেমি.
650 _aরাজনৈতিক অধিকার
_9135304
650 _apolitical rights
_9142996
942 _2ddc
_cBK
999 _c46946
_d46946